01977nam a2200241 a 4500001001000000003000500010005001700015008004100032040000900073100003500082245017400117264004100291336002700332337002900359338003900388502003300427520110400460650002501564650001701589700003301606700003901639856005701678000108908CHAP20251027110255.0140319s2013 mx | |sm |||||||spa|d cCHAP1 aJiménez Paez, José Orlando10aDiseño de una máquina etiquetadora para botellas de aguacpor José Orlando Jiménez Paez y Angel Ignacio Nava Pascacio; director María Victoria Gómez Águila aChapingo, Méx. :bEl autor,c2013. 2rdacontentatextobtxt 2rdamediaacomputadorabc 2rdacarrierarecurso en líneabcr bIMAgcMecánicad2013.gMAE aEl presente trabajo está enfocado a ayudar a tener un proceso eficaz y eficiente de etiquetado de botellas de la purificadora de agua Chapingo, dado que con el que cuentan actualmente aún es manual, lo cual lo convierte en un proceso ineficaz e ineficiente. Es por ello que se propone el diseño de una máquina etiquetadora de botellas de agua, en dónde se busca tener una opción rentable del proceso que sea eficaz, eficiente y tenga el objetivo de etiquetar de 1000 a 4000 botellas en una jornada de 8 horas. Se eligió diseñar la etiquetadora de tal manera que esta despegara por sí sola la etiqueta y adhiriera esta de manera perfecta sin necesidad de tocar el adhesivo en ningún momento. La metodología para obtener los esfuerzos y desplazamientos de los ejes que lleva la máquina es basada en el método de secciones. Así mismo se realizó la simulación de los ejes en el software ANSYS, lo cual ayudó a conocer que no existirán problemas en su funcionamiento, dado que los esfuerzos máximos y últimos son más pequeños que el de cedencia que se tenía.14aDiseño industrial.14aEmbotellado.1 aNava Pascacio, Angel Ignacio aGómez Águila, María Victoria uhttp://10.13.5.2/tesis/sist108908.pdfzDESCARGAR PDF